[Event "I Obert Internacional Escacs Igualada"]
[Site "Igualada ESP"]
[Date "2014.08.19"]
[Round "1.1"]
[White "Granda Zuñiga, Julio"]
[Black "Planell Torras, Josep"]
[Result "1-0"]
[WhiteElo "2663"]
[BlackElo "1980"]
[PlyCount "61"]
[EventDate "2014.08.19"]
[EventType "swiss (rapid)"]
[EventRounds "8"]
[EventCountry "ESP"]
[Source "lmi"]
[SourceDate "2014.08.19"]

1. d4 d5 2. c4 e6 3. Nc3 Nf6 4. Bg5 Nbd7 5. e3 c6 6. Qc2 Bd6 7. Nf3 O-O 8. Bd3
h6 9. Bh4 dxc4 10. Bxc4 Nb6 11. Be2 Nbd5 12. e4 Nxc3 13. bxc3 Be7 14. O-O b6
15. a4 Bb7 16. Rfd1 Rc8 17. a5 Re8 18. axb6 axb6 19. Ra7 Qc7 20. Bg3 Qd7 21.
Ne5 Qc7 22. Nc4 Qd7 23. Nxb6 Qd8 24. Rxb7 Bd6 25. Bxd6 Qxd6 26. Nxc8 Rxc8 27.
e5 Qd5 28. exf6 gxf6 29. c4 Qg5 30. Rd3 Kh8 31. Rg3 1-0

[Event "I Obert Internacional Escacs Igualada"]
[Site "Igualada ESP"]
[Date "2014.08.19"]
[Round "1.2"]
[White "Guixa Bernaus, Josep"]
[Black "Cori Tello, Jorge Moises"]
[Result "0-1"]
[WhiteElo "1974"]
[BlackElo "2630"]
[PlyCount "66"]
[EventDate "2014.08.19"]
[EventType "swiss (rapid)"]
[EventRounds "8"]
[EventCountry "ESP"]
[Source "lmi"]
[SourceDate "2014.08.19"]

1. c4 e5 2. Nc3 Nc6 3. d3 g6 4. Nf3 Bg7 5. g3 d6 6. Bg2 f5 7. O-O Nf6 8. Bd2
O-O 9. a3 h6 10. e3 g5 11. Qc2 Ne7 12. b4 Ng6 13. Rab1 Be6 14. b5 Rb8 15. Bc1
Qd7 16. Bb2 f4 17. exf4 gxf4 18. d4 Bf5 19. Qd2 e4 20. Ne1 f3 21. Bh1 Bh3 22.
Nxf3 Bxf1 23. Rxf1 exf3 24. Bxf3 c6 25. Bg2 d5 26. cxd5 Nxd5 27. Ne4 Rbe8 28.
Nc5 Qf7 29. bxc6 bxc6 30. a4 Re7 31. Ba3 Rfe8 32. Nd3 Re2 33. Qa5 Bxd4 0-1

[Event "I Obert Internacional Escacs Igualada"]
[Site "Igualada ESP"]
[Date "2014.08.19"]
[Round "1.3"]
[White "Cruz, Cristhian"]
[Black "Clotet Torrelles, Ramon"]
[Result "1-0"]
[WhiteElo "2553"]
[BlackElo "1964"]
[PlyCount "43"]
[EventDate "2014.08.19"]
[EventType "swiss (rapid)"]
[EventRounds "8"]
[EventCountry "ESP"]
[Source "lmi"]
[SourceDate "2014.08.19"]

1. d4 d5 2. c4 e6 3. Nc3 Nf6 4. cxd5 exd5 5. Bg5 c6 6. e3 Bf5 7. Qf3 Bg6 8.
Bxf6 gxf6 9. Qd1 Qb6 10. Qd2 Nd7 11. Nf3 Bd6 12. Be2 Rg8 13. O-O Bh5 14. g3
Bxf3 15. Bxf3 Bb4 16. Qd3 Rg7 17. e4 Bxc3 18. bxc3 O-O-O 19. exd5 cxd5 20. Bxd5
Qd6 21. Bg2 Nb6 22. Rab1 1-0

[Event "I Obert Internacional Escacs Igualada"]
[Site "Igualada ESP"]
[Date "2014.08.19"]
[Round "1.4"]
[White "Vila Seuba, Joan Carles"]
[Black "Magem Badals, Jordi"]
[Result "0-1"]
[WhiteElo "1961"]
[BlackElo "2549"]
[PlyCount "66"]
[EventDate "2014.08.19"]
[EventType "swiss (rapid)"]
[EventRounds "8"]
[EventCountry "ESP"]
[Source "lmi"]
[SourceDate "2014.08.19"]

1. d4 d5 2. Bf4 Nf6 3. e3 c5 4. c3 Qb6 5. b3 Nc6 6. Bd3 Bg4 7. f3 Bh5 8. Ne2 e6
9. O-O Be7 10. Kh1 Bg6 11. Na3 Bxd3 12. Qxd3 c4 13. Nxc4 dxc4 14. Qxc4 Nd5 15.
e4 Nxf4 16. Nxf4 O-O 17. Qe2 Qc7 18. Nd3 Rad8 19. f4 Kh8 20. Rf3 f5 21. Rh3 g6
22. g4 Qa5 23. b4 Qb5 24. a4 Qc4 25. b5 Qxc3 26. Rc1 Nxd4 27. Rxc3 Nxe2 28. Rc7
fxg4 29. Re3 Bh4 30. Rxe2 Rxd3 31. Rxb7 Rxf4 32. Rxa7 Rf1+ 33. Kg2 Rdd1 0-1

[Event "I Obert Internacional Escacs Igualada"]
[Site "Igualada ESP"]
[Date "2014.08.19"]
[Round "2.1"]
[White "Kukov, Velislav"]
[Black "Granda Zuñiga, Julio"]
[Result "0-1"]
[WhiteElo "2369"]
[BlackElo "2663"]
[PlyCount "107"]
[EventDate "2014.08.19"]
[EventType "swiss (rapid)"]
[EventRounds "8"]
[EventCountry "ESP"]
[Source "lmi"]
[SourceDate "2014.08.19"]

1. d4 d5 2. Bf4 Nf6 3. e3 c6 4. c4 a6 5. Nc3 dxc4 6. Bxc4 b5 7. Bb3 e6 8. Nf3
Nbd7 9. O-O Bb7 10. Qe2 c5 11. Rfd1 Qb6 12. Rac1 Be7 13. d5 c4 14. dxe6 fxe6
15. Bc2 O-O 16. a3 Rad8 17. Ne5 Nxe5 18. Bxe5 g6 19. Rxd8 Rxd8 20. Rd1 Nd7 21.
Bd4 Qc7 22. Qg4 Nf8 23. Ne4 e5 24. Bc3 Rxd1+ 25. Qxd1 Qd7 26. Qxd7 Nxd7 27. Bb4
Kf8 28. f4 Nb6 29. Bc3 Nd5 30. Bxe5 Nxe3 31. Bb1 a5 32. h3 b4 33. axb4 axb4 34.
g4 Nd5 35. Nd6 Ba6 36. Be4 c3 37. bxc3 Nxc3 38. Bc2 Nd5 39. Kf2 Nb6 40. f5 Nd7
41. Bg3 g5 42. Ne4 h6 43. Ke3 Bf1 44. Nf2 Bc5+ 45. Kf3 Bc4 46. Ne4 Bd5 47. Ke2
Be7 48. Ke3 b3 49. Bb1 b2 50. Be1 Nf6 51. Nxf6 Bxf6 52. Bb4+ Ke8 53. Kd2 Bg2
54. Bc3 0-1

[Event "I Obert Internacional Escacs Igualada"]
[Site "Igualada ESP"]
[Date "2014.08.19"]
[Round "2.2"]
[White "Cori Tello, Jorge Moises"]
[Black "Sanchez Enriquez, Oscar Gerard"]
[Result "1/2-1/2"]
[WhiteElo "2630"]
[BlackElo "2374"]
[PlyCount "144"]
[EventDate "2014.08.19"]
[EventType "swiss (rapid)"]
[EventRounds "8"]
[EventCountry "ESP"]
[Source "lmi"]
[SourceDate "2014.08.19"]

1. Nf3 c5 2. g3 Nc6 3. Bg2 g6 4. O-O Bg7 5. c3 e5 6. d4 cxd4 7. cxd4 exd4 8.
Na3 Nge7 9. Nb5 O-O 10. Nbxd4 d5 11. Be3 Re8 12. Rc1 Bg4 13. Qd2 Qd7 14. Rfd1
Rad8 15. Bh6 Bh8 16. Bg5 Rc8 17. Nb3 b6 18. Bf4 Bh3 19. Bh1 Bf5 20. Nfd4 Be4
21. Bxe4 Nxd4 22. Bg2 Ne6 23. Rxc8 Qxc8 24. Bd6 Nf5 25. Ba3 d4 26. Rc1 Qb8 27.
Qd3 Bf6 28. Nd2 Rc8 29. Rc2 Rxc2 30. Qxc2 Be7 31. Bxe7 Nxe7 32. Ne4 Kg7 33. h4
h6 34. Bf3 Qe5 35. Qa4 a5 36. Qd7 Nf5 37. b3 b5 38. Qc6 d3 39. Qc3 Qxc3 40.
Nxc3 b4 41. Ne4 Nfd4 42. Kf1 f5 43. Nd2 Nc5 44. exd3 Nxd3 45. Bd5 Nc1 46. Nc4
Nxa2 47. Nxa5 Kf6 48. Bc4 Nc3 49. Nb7 f4 50. g4 Nf3 51. Nc5 Nxh4 52. Nd3 Nf3
53. Nxb4 Nd2+ 54. Kg2 Nxc4 55. bxc4 Kg5 56. Kf3 Na4 57. Nd3 Nb6 58. c5 Nd5 59.
c6 h5 60. gxh5 gxh5 61. Nxf4 Nc7 62. Ke4 h4 63. Ke5 Kg4 64. Ke4 h3 65. Nxh3
Kxh3 66. Kf4 Kh4 67. Kf5 Kh5 68. f4 Ne8 69. Ke6 Nc7+ 70. Kd7 Nb5 71. Ke6 Nd4+
72. Kd5 Nxc6 1/2-1/2

[Event "I Obert Internacional Escacs Igualada"]
[Site "Igualada ESP"]
[Date "2014.08.19"]
[Round "2.3"]
[White "Kovacevic, Slobodan"]
[Black "Cruz, Cristhian"]
[Result "1-0"]
[WhiteElo "2354"]
[BlackElo "2553"]
[PlyCount "81"]
[EventDate "2014.08.19"]
[EventType "swiss (rapid)"]
[EventRounds "8"]
[EventCountry "ESP"]
[Source "lmi"]
[SourceDate "2014.08.19"]

1. d4 e6 2. Nf3 c5 3. e3 Nf6 4. Nbd2 b6 5. a4 Nc6 6. c3 Bb7 7. Bd3 Be7 8. O-O
O-O 9. dxc5 bxc5 10. e4 d5 11. Re1 Qc7 12. Qe2 Rfe8 13. e5 Nd7 14. Nf1 f6 15.
exf6 Bxf6 16. Ne3 Nce5 17. Nxe5 Nxe5 18. Bc2 d4 19. Ng4 Qc6 20. Nxf6+ gxf6 21.
f3 Ba6 22. Qf2 d3 23. Bd1 Rad8 24. Bd2 Rd7 25. b3 c4 26. f4 Nf7 27. Bf3 Qb6 28.
Qxb6 axb6 29. Bc6 Rdd8 30. Bxe8 Rxe8 31. bxc4 Bxc4 32. Rab1 Ra8 33. Rb4 Nd6 34.
Be3 f5 35. Bxb6 Ba6 36. Rxe6 Nc4 37. Be3 d2 38. Bxd2 Nxd2 39. Rf6 Ne4 40. Rxf5
Rd8 41. Rxe4 1-0

[Event "I Obert Internacional Escacs Igualada"]
[Site "Igualada ESP"]
[Date "2014.08.19"]
[Round "2.4"]
[White "Magem Badals, Jordi"]
[Black "Esplugas Esteve, Vicenc"]
[Result "1-0"]
[WhiteElo "2549"]
[BlackElo "2251"]
[PlyCount "53"]
[EventDate "2014.08.19"]
[EventType "swiss (rapid)"]
[EventRounds "8"]
[EventCountry "ESP"]
[Source "lmi"]
[SourceDate "2014.08.19"]

1. e4 e6 2. d4 d5 3. Nd2 Be7 4. Ngf3 Nf6 5. e5 Nfd7 6. Bd3 c5 7. c3 Nc6 8. O-O
g5 9. dxc5 Ndxe5 10. Nxe5 Nxe5 11. Nb3 Nxd3 12. Qxd3 O-O 13. f4 a5 14. fxg5 e5
15. Be3 Be6 16. Qd2 a4 17. Nc1 Ra5 18. Nd3 e4 19. Nf4 Bxg5 20. Nxe6 Bxe3+ 21.
Qxe3 fxe6 22. Qg3+ Kh8 23. Qe5+ Kg8 24. Qxe6+ Kg7 25. Rxf8 Qxf8 26. Rf1 Qxc5+
27. Kh1 1-0

[Event "I Obert Internacional Escacs Igualada"]
[Site "Igualada ESP"]
[Date "2014.08.19"]
[Round "3.1"]
[White "Granda Zuñiga, Julio"]
[Black "Alarcon Casellas, Rolando"]
[Result "1-0"]
[WhiteElo "2663"]
[BlackElo "2411"]
[PlyCount "123"]
[EventDate "2014.08.19"]
[EventType "swiss (rapid)"]
[EventRounds "8"]
[EventCountry "ESP"]
[Source "lmi"]
[SourceDate "2014.08.19"]

1. c4 Nf6 2. Nc3 e6 3. d4 Bb4 4. e3 O-O 5. Nge2 d5 6. a3 Bd6 7. c5 Be7 8. b4 b6
9. Bb2 bxc5 10. bxc5 Ba6 11. Rb1 Bc4 12. Nf4 Bxf1 13. Kxf1 Nbd7 14. Qa4 Rb8 15.
g3 e5 16. Nfxd5 exd4 17. exd4 Bxc5 18. dxc5 Nxc5 19. Qc4 Nxd5 20. Nxd5 Na4 21.
Nf6+ gxf6 22. Qxa4 Qd3+ 23. Kg2 Qd5+ 24. Kh3 Rxb2 25. Rxb2 Qxh1 26. Qxa7 Qf1+
27. Kh4 Re8 28. Qxc7 Re5 29. Qc8+ Kg7 30. f4 Rb5 31. Qg4+ Kh6 32. Qe2 Qxe2 33.
Rxe2 Ra5 34. Ra2 f5 35. a4 Kg6 36. Ra3 f6 37. Ra1 Kh6 38. Kh3 Kh5 39. Kg2 Kg6
40. Kf3 h5 41. Ke3 h4 42. Kd4 Kh5 43. Kc4 Kg4 44. Kb4 Ra8 45. Ra3 Rb8+ 46. Kc5
Rc8+ 47. Kd6 Rc2 48. a5 Rxh2 49. gxh4 Rxh4 50. Ra4 Rh8 51. a6 Ra8 52. a7 Kf3
53. Ke6 Kg4 54. Kxf6 Rf8+ 55. Ke6 Re8+ 56. Kf7 Ra8 57. Ke7 Kf3 58. Kd6 Kg4 59.
Kc6 Rxa7 60. Rxa7 Kxf4 61. Kd5 Kf3 62. Ke5 1-0

[Event "I Obert Internacional Escacs Igualada"]
[Site "Igualada ESP"]
[Date "2014.08.19"]
[Round "3.2"]
[White "Cori Tello, Deysi Estella"]
[Black "Magem Badals, Jordi"]
[Result "0-1"]
[WhiteElo "2422"]
[BlackElo "2549"]
[PlyCount "76"]
[EventDate "2014.08.19"]
[EventType "swiss (rapid)"]
[EventRounds "8"]
[EventCountry "ESP"]
[Source "lmi"]
[SourceDate "2014.08.19"]

1. d4 d5 2. Nf3 Nf6 3. c4 c6 4. Nc3 e6 5. e3 Nbd7 6. Bd3 dxc4 7. Bxc4 b5 8. Bd3
b4 9. Na4 c5 10. O-O Bb7 11. dxc5 Bxc5 12. Nxc5 Nxc5 13. Bb5+ Ke7 14. Bd2 a5
15. Rc1 Qb6 16. Nd4 Rhd8 17. a3 Nce4 18. Be1 Rxd4 19. Qxd4 Qxb5 20. f3 e5 21.
Rc7+ Ke6 22. Rxb7 Qxb7 23. Qc4+ Qd5 24. Qxd5+ Nxd5 25. fxe4 Nxe3 26. Rf2 Rc8
27. Re2 Nc2 28. axb4 Nxe1 29. Rxe1 axb4 30. Re2 g6 31. Kf2 f5 32. Ke3 f4+ 33.
Kd3 g5 34. Rf2 g4 35. Rf1 Rd8+ 36. Kc4 Rd4+ 37. Kc5 Rxe4 38. Rd1 Re2 0-1

[Event "I Obert Internacional Escacs Igualada"]
[Site "Igualada ESP"]
[Date "2014.08.19"]
[Round "3.3"]
[White "Lopez Martinez, Josep Manuel"]
[Black "Perpinya Rofes, Lluis Maria"]
[Result "1/2-1/2"]
[WhiteElo "2549"]
[BlackElo "2391"]
[PlyCount "134"]
[EventDate "2014.08.19"]
[EventType "swiss (rapid)"]
[EventRounds "8"]
[EventCountry "ESP"]
[Source "lmi"]
[SourceDate "2014.08.19"]

1. e4 c5 2. Nf3 e6 3. d4 cxd4 4. Nxd4 Nf6 5. Nc3 Nc6 6. g3 d6 7. Bg2 Bd7 8. O-O
Be7 9. Nce2 a6 10. b3 O-O 11. Bb2 Re8 12. Qd2 Bf8 13. c4 Nxd4 14. Nxd4 b5 15.
cxb5 axb5 16. Rfc1 Qb6 17. Nc2 Be7 18. Nb4 Rac8 19. h3 Rxc1+ 20. Rxc1 Rc8 21.
Rd1 Be8 22. Bd4 Qc7 23. Kh2 h6 24. f4 Nd7 25. Bb2 Bf8 26. Rc1 Qb7 27. Re1 Qb6
28. Nd3 Nc5 29. Nb4 Na6 30. Nc2 Bc6 31. Nd4 Ba8 32. f5 e5 33. Nc2 Qb8 34. Ne3
Nc7 35. f6 g6 36. Ng4 Kh7 37. h4 h5 38. Nf2 Rd8 39. Nh3 Ne6 40. Bf3 Bh6 41. Qd1
Nc5 42. Bxh5 Nxe4 43. Bf3 Nxf6 44. Ng5+ Kg7 45. Rf1 Bxg5 46. hxg5 Rh8+ 47. Kg2
Nh5 48. Qe2 Rd8 49. Kh2 Rd7 50. Bxh5 gxh5 51. Qxh5 Qh8 52. Qxh8+ Kxh8 53. Rf6
Kg7 54. Rxd6 Rxd6 55. Bxe5+ Kg6 56. Bxd6 Kxg5 57. Kg1 Kf5 58. Kf2 Ke4 59. g4
Bc6 60. Kg3 Bd7 61. Kh4 Kd3 62. g5 Kc2 63. Kg3 Kb2 64. Kf4 Kxa2 65. b4 Kb3 66.
Ke5 Bc6 67. Bc5 Kc4 1/2-1/2

[Event "I Obert Internacional Escacs Igualada"]
[Site "Igualada ESP"]
[Date "2014.08.19"]
[Round "3.4"]
[White "Cuartas, Jaime Alexander"]
[Black "Martinez Romero, Martin"]
[Result "1-0"]
[WhiteElo "2489"]
[BlackElo "2387"]
[PlyCount "105"]
[EventDate "2014.08.19"]
[EventType "swiss (rapid)"]
[EventRounds "8"]
[EventCountry "ESP"]
[Source "lmi"]
[SourceDate "2014.08.19"]

1. e4 c5 2. Nf3 e6 3. d4 cxd4 4. c3 d5 5. exd5 Qxd5 6. Qxd4 Nf6 7. Bg5 Be7 8.
Bxf6 Bxf6 9. Qxd5 exd5 10. Bb5+ Bd7 11. Bxd7+ Nxd7 12. Na3 O-O 13. O-O-O Nb6
14. Nc2 Rfe8 15. Rhe1 Kf8 16. Rxe8+ Rxe8 17. Ne3 Rd8 18. g4 g6 19. Kc2 Be7 20.
Nd4 a6 21. Nb3 Bg5 22. Ng2 Re8 23. Re1 Rxe1 24. Nxe1 Nd7 25. Nd3 Be7 26. h3 Bd6
27. Kd2 b6 28. Ke3 Ke7 29. f4 Nc5 30. Nbc1 a5 31. Ne2 Nxd3 32. Kxd3 Bc5 33. a4
Ke6 34. Nd4+ Bxd4 35. Kxd4 Kd6 36. g5 Ke6 37. b4 Kd6 38. bxa5 bxa5 39. c4 dxc4
40. Kxc4 Ke6 41. Kb5 Kf5 42. Kxa5 Kxf4 43. Kb6 Kxg5 44. a5 Kh4 45. a6 Kxh3 46.
a7 f5 47. a8=Q Kg3 48. Kc5 f4 49. Kd4 g5 50. Qh1 g4 51. Ke4 f3 52. Qg1+ Kh4 53.
Kf4 1-0

[Event "I Obert Internacional Escacs Igualada"]
[Site "Igualada ESP"]
[Date "2014.08.19"]
[Round "4.1"]
[White "Lariño Nieto, David"]
[Black "Granda Zuñiga, Julio"]
[Result "1/2-1/2"]
[WhiteElo "2432"]
[BlackElo "2663"]
[PlyCount "135"]
[EventDate "2014.08.19"]
[EventType "swiss (rapid)"]
[EventRounds "8"]
[EventCountry "ESP"]
[Source "lmi"]
[SourceDate "2014.08.19"]

1. Nf3 d5 2. b3 c5 3. Bb2 Nf6 4. e3 e6 5. c4 Be7 6. d4 cxd4 7. Nxd4 O-O 8. cxd5
Nxd5 9. Nd2 e5 10. N4f3 f6 11. Bc4 Be6 12. O-O Nd7 13. Qe2 Kh8 14. Rfd1 Qe8 15.
Rac1 Rd8 16. Ne4 N7b6 17. Bb5 Qf7 18. Ng3 Rc8 19. Bd3 Rfd8 20. Bb1 Bf8 21. Rxc8
Rxc8 22. Qd2 Bb4 23. Qd3 Qg8 24. Ne2 Bf7 25. Nh4 Bf8 26. Qf5 g6 27. Qh3 Rc6 28.
Kh1 Be6 29. g4 Ne7 30. f4 Rc5 31. Rd8 Kg7 32. fxe5 fxe5 33. b4 Rd5 34. Rxd5
Bxd5+ 35. e4 Bc4 36. Bxe5+ Kf7 37. Nd4 Ke8 38. g5 Bxa2 39. Bd3 Bc4 40. Bf6 Bxd3
41. Qxd3 Qc4 42. Qxc4 Nxc4 43. b5 Ng8 44. Nhf3 Nxf6 45. gxf6 Bd6 46. Ng5 h6 47.
f7+ Ke7 48. Nge6 Kxf7 49. Nd8+ Kf6 50. Nxb7 Bc7 51. Nc5 Bb6 52. Nd7+ Ke7 53.
Nxb6 axb6 54. Kg2 Kd6 55. Kf3 Kc5 56. Ne6+ Kxb5 57. Nf8 g5 58. Kg4 Kc6 59. Kh5
Kd6 60. Kxh6 g4 61. Kg5 Ne5 62. Kf5 b5 63. Ne6 b4 64. Nd4 Nf3 65. Nb3 Nxh2 66.
Kf4 Ke6 67. Kg3 Ke5 68. Kxh2 1/2-1/2

[Event "I Obert Internacional Escacs Igualada"]
[Site "Igualada ESP"]
[Date "2014.08.19"]
[Round "4.2"]
[White "Magem Badals, Jordi"]
[Black "Gomez Ledo, Roberto Carlos"]
[Result "1-0"]
[WhiteElo "2549"]
[BlackElo "2411"]
[PlyCount "75"]
[EventDate "2014.08.19"]
[EventType "swiss (rapid)"]
[EventRounds "8"]
[EventCountry "ESP"]
[Source "lmi"]
[SourceDate "2014.08.19"]

1. e4 d6 2. d4 Nf6 3. Nd2 e5 4. c3 g6 5. Ngf3 Nbd7 6. Bd3 Bg7 7. O-O O-O 8. Re1
Nh5 9. Nf1 exd4 10. cxd4 c5 11. Be3 cxd4 12. Bxd4 Ne5 13. Nxe5 dxe5 14. Bc5 Nf4
15. Bxf8 Bxf8 16. Bc4 Qg5 17. Ne3 h5 18. g3 Bb4 19. Bxf7+ Kg7 20. Bc4 Nh3+ 21.
Kg2 Bxe1 22. Qxe1 Be6 23. Bxe6 Nf4+ 24. Kg1 Nxe6 25. h4 Qf6 26. Nd5 Qf7 27. Rc1
Rf8 28. Qe3 a6 29. Kg2 Kg8 30. f3 Rd8 31. Rc2 Rf8 32. Rf2 Rd8 33. Qh6 Ng7 34.
Qg5 Rd6 35. Qxe5 Re6 36. Qc7 Qe8 37. Qxb7 Re5 38. Nf6+ 1-0

[Event "I Obert Internacional Escacs Igualada"]
[Site "Igualada ESP"]
[Date "2014.08.19"]
[Round "4.3"]
[White "Gonzalez Rodriguez, Jorge Armando"]
[Black "Cuartas, Jaime Alexander"]
[Result "1-0"]
[WhiteElo "2382"]
[BlackElo "2489"]
[PlyCount "85"]
[EventDate "2014.08.19"]
[EventType "swiss (rapid)"]
[EventRounds "8"]
[EventCountry "ESP"]
[Source "lmi"]
[SourceDate "2014.08.19"]

1. b3 d5 2. Bb2 Nf6 3. Bxf6 exf6 4. d4 f5 5. e3 Bd6 6. g3 c6 7. Bg2 Nd7 8. Ne2
Nf6 9. O-O h5 10. c4 Be6 11. Qd3 h4 12. Nbc3 Ne4 13. Nf4 Bxf4 14. exf4 hxg3 15.
hxg3 Nxc3 16. Qxc3 Qd7 17. a4 Rd8 18. c5 f6 19. b4 a6 20. Rfb1 O-O 21. b5 axb5
22. axb5 Ra8 23. Ra5 Qf7 24. bxc6 bxc6 25. Rb6 Bd7 26. Qa1 Rxa5 27. Qxa5 Qe6
28. Bf3 g5 29. fxg5 fxg5 30. Rb7 g4 31. Bg2 f4 32. gxf4 Bc8 33. Ra7 g3 34. fxg3
Qe3+ 35. Kh2 Qxd4 36. Qa1 Qxa1 37. Rxa1 Bf5 38. Bh3 Bxh3 39. Kxh3 Kf7 40. Ra7+
Kg6 41. Rc7 Rf6 42. Kg4 Kh6 43. f5 1-0

[Event "I Obert Internacional Escacs Igualada"]
[Site "Igualada ESP"]
[Date "2014.08.19"]
[Round "4.4"]
[White "Martinez Alcantara, Jose Eduardo"]
[Black "Mellado Triviño, Juan"]
[Result "1/2-1/2"]
[WhiteElo "2379"]
[BlackElo "2443"]
[PlyCount "140"]
[EventDate "2014.08.19"]
[EventType "swiss (rapid)"]
[EventRounds "8"]
[EventCountry "ESP"]
[Source "lmi"]
[SourceDate "2014.08.19"]

1. c4 e5 2. g3 d5 3. cxd5 Qxd5 4. Nf3 Bb4 5. Qa4+ Qc6 6. Qxc6+ Nxc6 7. a3 Bd6
8. d3 f5 9. Bg2 Nf6 10. O-O Be6 11. Nc3 a6 12. b4 h6 13. Bb2 O-O 14. Rac1 Rfe8
15. Nd2 Rad8 16. Rfd1 a5 17. bxa5 Nxa5 18. Nb5 Nb3 19. Rxc7 Bxc7 20. Nxc7 Re7
21. Nxe6 Rxe6 22. Nxb3 Rb6 23. Bxe5 Rxb3 24. Rc1 Ng4 25. Bc7 Rd7 26. h3 Nf6 27.
a4 Kf7 28. a5 Nd5 29. Be5 Rb5 30. Ra1 Ne3 31. f4 Nxg2 32. Kxg2 Rdd5 33. a6 bxa6
34. Rxa6 Ra5 35. Rb6 Rab5 36. Rc6 Rbc5 37. Rb6 Rb5 38. Rc6 Rbc5 39. Rxc5 Rxc5
40. Kf3 Rd5 41. g4 g6 42. Bc3 Ke6 43. Bg7 h5 44. Bh6 hxg4+ 45. hxg4 Rd7 46. Bg5
Rd5 47. gxf5+ gxf5 48. Bh4 Rd7 49. Bf2 Rd5 50. Be1 Rd7 51. Bc3 Rh7 52. Be5 Rd7
53. Ke3 Kd5 54. Kf3 Ke6 55. Kf2 Kd5 56. Ke3 Ke6 57. Kd2 Kd5 58. Bc3 Rc7 59. Be5
Rh7 60. Ke3 Rd7 61. Kf3 Ke6 62. Bc3 Rc7 63. Be1 Rd7 64. Bf2 Rd5 65. d4 Rd7 66.
e4 fxe4+ 67. Kxe4 Rf7 68. d5+ Kd6 69. Bh4 Rxf4+ 70. Kxf4 Kxd5 1/2-1/2

[Event "I Obert Internacional Escacs Igualada"]
[Site "Igualada ESP"]
[Date "2014.08.19"]
[Round "5.1"]
[White "Magem Badals, Jordi"]
[Black "Gonzalez Rodriguez, Jorge Armando"]
[Result "1/2-1/2"]
[WhiteElo "2549"]
[BlackElo "2382"]
[PlyCount "111"]
[EventDate "2014.08.19"]
[EventType "swiss (rapid)"]
[EventRounds "8"]
[EventCountry "ESP"]
[Source "lmi"]
[SourceDate "2014.08.19"]

1. e4 e6 2. d4 d5 3. Bd3 c5 4. exd5 exd5 5. dxc5 Bxc5 6. Nf3 Ne7 7. O-O Nbc6 8.
h3 O-O 9. Nc3 Nb4 10. Bg5 f6 11. Be3 Bxe3 12. fxe3 Nxd3 13. Qxd3 Bf5 14. Qd2
Be6 15. Nd4 Bf7 16. Nce2 Re8 17. Nf4 Nc6 18. Nf5 Qd7 19. g4 Rad8 20. Rad1 Qc7
21. Qg2 Ne7 22. Nd4 Ng6 23. Nf5 Ne7 24. Nd4 Ng6 25. Nh5 Nf8 26. Nf5 Bxh5 27.
gxh5 Re5 28. c4 g6 29. cxd5 Kh8 30. hxg6 hxg6 31. Ng3 Rxe3 32. Rf3 Qe5 33. Rxe3
Qxe3+ 34. Kh1 Nh7 35. Nf1 Qg5 36. Qf3 Qe5 37. h4 f5 38. d6 Rd7 39. Ne3 Nf6 40.
Nc4 Qe4 41. Qxe4 Nxe4 42. Kg2 Kg7 43. a4 Kf6 44. Kf3 Ke6 45. Kf4 Nxd6 46. Re1+
Ne4 47. Ne5 Rd2 48. Nxg6 Rf2+ 49. Ke3 Rxb2 50. Nf4+ Kf6 51. Rg1 Rb3+ 52. Kd4
Rb4+ 53. Ke3 Rb3+ 54. Kd4 Rb4+ 55. Ke3 Rxa4 56. Rg6+ 1/2-1/2

[Event "I Obert Internacional Escacs Igualada"]
[Site "Igualada ESP"]
[Date "2014.08.19"]
[Round "5.2"]
[White "Granda Zuñiga, Julio"]
[Black "Perpinya Rofes, Lluis Maria"]
[Result "1-0"]
[WhiteElo "2663"]
[BlackElo "2391"]
[PlyCount "59"]
[EventDate "2014.08.19"]
[EventType "swiss (rapid)"]
[EventRounds "8"]
[EventCountry "ESP"]
[Source "lmi"]
[SourceDate "2014.08.19"]

1. c4 g6 2. Nc3 Bg7 3. g3 e5 4. Bg2 d6 5. e3 Nc6 6. Nge2 h5 7. h3 Be6 8. Qa4
Qd7 9. Nd5 Nf6 10. d4 exd4 11. exd4 Bxd5 12. cxd5 Ne7 13. Qb3 O-O 14. O-O Nf5
15. Qxb7 Rfe8 16. Qa6 Rab8 17. Rd1 Rb6 18. Qd3 Qb5 19. Kf1 Ne7 20. Nc3 Qa5 21.
a3 Rb3 22. Re1 Kf8 23. Qc4 Reb8 24. Bf3 Nf5 25. Bd1 R3b6 26. Be2 Rb3 27. Ra2
Qb6 28. Bd1 Rxc3 29. bxc3 Qb1 30. Bc2 1-0

[Event "I Obert Internacional Escacs Igualada"]
[Site "Igualada ESP"]
[Date "2014.08.19"]
[Round "5.3"]
[White "Mellado Triviño, Juan"]
[Black "Cori Tello, Jorge Moises"]
[Result "0-1"]
[WhiteElo "2443"]
[BlackElo "2630"]
[PlyCount "74"]
[EventDate "2014.08.19"]
[EventType "swiss (rapid)"]
[EventRounds "8"]
[EventCountry "ESP"]
[Source "lmi"]
[SourceDate "2014.08.19"]

1. e4 c5 2. c3 Nf6 3. e5 Nd5 4. d4 cxd4 5. Qxd4 e6 6. Bd3 Nc6 7. Qe4 f5 8. Qe2
Be7 9. Nf3 b6 10. O-O Bb7 11. a3 O-O 12. c4 Nc7 13. b4 Qe8 14. Bb2 Qg6 15. Nbd2
Nd8 16. Ne1 Nf7 17. f4 a5 18. Nc2 axb4 19. axb4 b5 20. c5 Nd5 21. Nb3 Rxa1 22.
Bxa1 Qh6 23. Bxb5 Nxf4 24. Rxf4 Qxf4 25. Bxd7 Bd5 26. Nbd4 Ng5 27. Bc6 Bxc6 28.
Nxc6 Qc1+ 29. Ne1 Bxc5+ 30. bxc5 Qxa1 31. h4 Ne4 32. Kh2 Qa4 33. Ne7+ Kf7 34.
Qh5+ Kxe7 35. Qxh7 Rf7 36. Nf3 Nf2 37. Ng5 Qf4+ 0-1

[Event "I Obert Internacional Escacs Igualada"]
[Site "Igualada ESP"]
[Date "2014.08.19"]
[Round "5.4"]
[White "Oliva Castañeda, Kevel"]
[Black "Lariño Nieto, David"]
[Result "1/2-1/2"]
[WhiteElo "2446"]
[BlackElo "2432"]
[PlyCount "134"]
[EventDate "2014.08.19"]
[EventType "swiss (rapid)"]
[EventRounds "8"]
[EventCountry "ESP"]
[Source "lmi"]
[SourceDate "2014.08.19"]

1. Nf3 d5 2. c4 e6 3. g3 Nf6 4. Bg2 c5 5. O-O Nc6 6. cxd5 exd5 7. d4 Be7 8. Nc3
O-O 9. dxc5 Bxc5 10. Na4 Be7 11. Be3 Bf5 12. Rc1 Qd7 13. Nc5 Bxc5 14. Bxc5 Rfe8
15. Nd4 Bh3 16. Nxc6 bxc6 17. Bd4 Bxg2 18. Kxg2 Ne4 19. Be3 Re5 20. Qa4 Rh5 21.
Rh1 Qh3+ 22. Kg1 c5 23. Bxc5 Rc8 24. Be3 Rxc1+ 25. Bxc1 Re5 26. Qxa7 f6 27.
Qa8+ Kf7 28. Bf4 Re6 29. Qxd5 g5 30. Bc7 Kg7 31. f3 Re7 32. fxe4 Rxc7 33. Kf2
Rc2 34. Qb3 Rc7 35. a4 h5 36. Qf3 Rc2 37. b4 Qd7 38. e5 fxe5 39. Qe4 Rc6 40. b5
Rf6+ 41. Kg2 h4 42. Rf1 h3+ 43. Kg1 Qa7+ 44. e3 Rxf1+ 45. Kxf1 Qc5 46. Kf2 Qc3
47. Kf3 Qb2 48. Kg4 Qxh2 49. Qxe5+ Kf7 50. Qf5+ Ke8 51. Qg6+ Kf8 52. Qh6+ Kf7
53. Qh7+ Kf8 54. Qxh3 Qe2+ 55. Kf5 Qd3+ 56. Kf6 Qc3+ 57. Kxg5 Qxe3+ 58. Kg6
Qb6+ 59. Kh5 Qc5+ 60. Kg6 Qd6+ 61. Kg5 Qd2+ 62. Kh5 Qd5+ 63. Kh6 Qd6+ 64. Kg5
Qd2+ 65. Kf6 Qc3+ 66. Kg5 Qd2+ 67. Kg6 Qd6+ 1/2-1/2